书目信息 |
| 题名: |
中国民歌合唱教程
|
|
| 作者: | 余磊 编著 | |
| 分册: | ||
| 出版信息: | 武汉 华中科技大学出版社 2015 |
|
| 页数: | 168页 | |
| 开本: | 29cm | |
| 丛书名: | ||
| 单 册: | ||
| 中图分类: | J642.2 | |
| 科图分类: | ||
| 主题词: | 民歌--Min Ge--合唱--中国--高等学校--教材 | |
| 电子资源: | ||
| ISBN: | 978-7-5680-0836-5 | |
| 000 | 00969nam0 22002531 450 | |
| 001 | 349520 | |
| 005 | 20161010151357.01 | |
| 010 | @a978-7-5680-0836-5@dCNY49.00 | |
| 100 | @a20151130d2015 em y0chiy50 ea | |
| 101 | 0 | @achi |
| 102 | @aCN@b420000 | |
| 105 | @aag z 000yy | |
| 106 | @ar | |
| 200 | 1 | @a中国民歌合唱教程@AZhong Guo Min Ge He Chang Jiao Cheng@f余磊[等]编著 |
| 210 | @a武汉@c华中科技大学出版社@d2015 | |
| 215 | @a168页@c彩照@d29cm | |
| 300 | @a高等院校艺术学门类“十三五”规划教材 | |
| 304 | @a编著者还有:余洁、李韩娟、张莉、杜达金 | |
| 330 | @a本书系统地介绍了中国民歌合唱的基本知识、合唱曲目和合唱提示与指导等内容,是一本指导中国民歌合唱的优秀教材。本书具体包括改编的二声部民歌、改编的三声部民歌、改编的四声部民歌、民歌交响合唱《神农架野人》等内容。 | |
| 606 | 0 | @a民歌@AMin Ge@x合唱@y中国@x高等学校@j教材 |
| 690 | @aJ642.2@v5 | |
| 701 | 0 | @a余磊@AYu Lei@c(音乐)@4编著 |
| 801 | 0 | @aCN@bTANGWEI@20160730 |
| 905 | @b0885425-9@dJ642.2@e255@f5 | |
| 中国民歌合唱教程/余磊[等]编著.-武汉:华中科技大学出版社,2015 |
| 168页:彩照;29cm |
| 高等院校艺术学门类“十三五”规划教材 |
| ISBN 978-7-5680-0836-5:CNY49.00 |
| 本书系统地介绍了中国民歌合唱的基本知识、合唱曲目和合唱提示与指导等内容,是一本指导中国民歌合唱的优秀教材。本书具体包括改编的二声部民歌、改编的三声部民歌、改编的四声部民歌、民歌交响合唱《神农架野人》等内容。 |
| ● |
| 相关链接 |
|
|
|
|
正题名:中国民歌合唱教程
索取号:J642.2/255
 
预约/预借
| 序号 | 登录号 | 条形码 | 馆藏地/架位号 | 状态 | 备注 |
| 1 | 0885425 | 208854257 | 第一样本阅览室/ [索取号:J642.2/255] | 在馆 | |
| 2 | 0885426 | 208854266 | 第一借阅区/ [索取号:J642.2/255] | 在馆 | |
| 3 | 0885427 | 208854275 | 第一借阅区/ [索取号:J642.2/255] | 在馆 | |
| 4 | 0885428 | 208854284 | 第一借阅区/ [索取号:J642.2/255] | 在馆 | |
| 5 | 0885429 | 208854293 | 第一借阅区/ [索取号:J642.2/255] | 在馆 |